000 00469nam a2200169Ia 4500
005 20250424120302.0
008 250424s9999 xx 000 0 und d
022 _a01492136
050 _aTN 860 .J68/
245 0 _aJournal of petroleum technology: JPT
260 _aDallas, Tex. AIME,
260 _bThe Society of Petroleum Engineers of AIME
260 _c2015
300 _a168 p. :ill. ; 28 cm.
650 _aPetroleum engineering--Periodicals.
942 _cSR
999 _c38438
_d38438